25 Größte Fluggesellschaften der Welt - Statistiken

Allgemein
  • Dieses Quiz wurde 77 mal gespielt
  • Das Durchschnittsergebnis liegt bei 10 aus 25
Antwortstatistiken
Rang Passagiere Antwort % Korrekt
12 60,5 Millionen Lufthansa
100%
13 58 Millionen Emirates
81%
4 136,7 Millionen Ryanair
71%
3 148,2 Millionen American Airlines
68%
16 46 Millionen Air France
64%
17 44,9 Millionen British Airways
61%
25 32,7 Millionen KLM
58%
2 152,2 Millionen Delta Air Lines
52%
11 71 Millionen Air China
49%
10 73,2 Millionen Turkish Airlines
46%
22 33,9 Millionen Japan Airlines
45%
5 113,2 Millionen United Airlines
42%
8 88,1 Millionen EasyJet
32%
1 163,6 Millionen Southwest Airlines
28%
9 75 Millionen LATAM Airlines
26%
14 49,4 Millionen ANA
25%
7 95,6 Millionen China Eastern Airlines
25%
6 104 Millionen China Southern Airlines
22%
24 32,9 Millionen Aeroflot
20%
15 47,9 Millionen IndiGo
16%
18 40 Millionen JetBlue
10%
19 36,5 Millionen Hainan Airlines
7%
23 33,1 Millionen Norwegian
7%
21 35,7 Millionen Lion Air
6%
20 35,8 Millionen SkyWest Airlines
6%
Keine übereinstimmenden Quizze gefunden
Verteilung der Resultate
Anzahl Personen mit jedem Resultat
Perzentil nach korrekt beantworteten Fragen
Ihre Resultats-Entwicklung
Sie haben dieses Quiz noch nicht gespielt